The theory of search games and rendezvous

Αποθηκεύτηκε σε:
Λεπτομέρειες βιβλιογραφικής εγγραφής
Κύριος συγγραφέας: Alpern, Steve, 1948-
Άλλοι συγγραφείς: Gal, Shmuel
Μορφή: Βιβλίο
Γλώσσα:English
Δημοσίευση: Boston : Kluwer Academic, c2003
Σειρά:International series in operations research & management science
Θέματα:
Ετικέτες: Προσθήκη ετικέτας
Δεν υπάρχουν, Καταχωρήστε ετικέτα πρώτοι!

MARC

LEADER 00000cam a2200000 i 4500
001 1/38476
008 030723s2003 eng d
020 |a 0-7923-7468-1 
035 |l 10070448 
040 |a GR-MY-UA  |b gre  |e aacr 
041 0 |a eng 
082 0 |a 003  |2 (21) 
100 1 |a Alpern, Steve,   |d 1948- 
245 1 4 |a The theory of search games and rendezvous /  |c by Steve Alpern, Shmuel Gal 
260 |a Boston :   |b Kluwer Academic,   |c c2003 
300 |a xiv, 319 p.;  |b ill.;  |c 24 cm. 
490 1 |a International series in operations research & management science 
504 |a Includes bibliography and index. 
650 0 0 |a Search theory. 
650 0 0 |a Game theory. 
700 1 |a Gal, Shmuel. 
830 0 |a International series in operations research & management science 
852 |a INST  |b SYROS  |e 20030723  |h 003 ALP  |p 005500003283  |q 005500003283  |t BK  |y 0 
901 |a BIBL5-2003-2 
909 |a Ε  |b 111517 
970 |a ΚΑΓΙΑΒΑ  |b ΕΙΡΗΝΗ  |z 2003/07/23